000 00779nam a2200205Ia 4500
001 a924bis-22406 [900]
003 IT-MiCISF
008 161014s9999||||xx |||||||||||||| ||und||
040 _aIT-MiCISF
_cIT-MiCISF
041 _ait
100 _aTavazza Luciano (a cura di)
245 0 _aPromozione e formazione del volontariato (2 volumi)
250 _a1a ed.
260 _aBologna
_bDehoniane
_c1987
300 _ap. 420
500 _aBaccelli P., Bartolini G., Andreucci L., Martini M.E., Nervo G., Palmonari A., Zoppi S., Lipari N., Rossi A., Garavaglia M.P., Pacini M., Coppe A., Muls V., Antonucci S., Benigni B., Riela A., De Santis G., Giannelli F., Pannuccio V., Pasini G. / volontariato /
650 _avolontariato
942 _cBK
957 _71
999 _a22406
_bsi
_g1
_c216507
_d216507